000
00196 a2200097 4500
020
_a
9789580494683
041
_a
spa
100
_a
Keiko Kasza
245
_a
Cuando el Elefante Camina
942
_c
K
999
_c
30502
_d
30500